000 00265nam a22001217a 4500
008 180310b xxu||||| |||| 00| 0 eng d
041 _aeng
080 _a342
100 _a14
101 _aSHJ
245 _aProfit & The Practice of Law
_cTrotter
942 _2udc
_cBK
999 _c44645
_d44645